000 00958nam a2200241 a 4500
005 20140310183359.0
008 121116s19uu xx 00 eng d
020 _a9781847870308
050 _aPN 4832
_b.H65 2012
100 _aHolmes, Tim
245 _aMagazine journalism /
_cTim Holmes and Liz Nice.
260 _aLos Angeles ; London :
_bSAGE,
_c2012.
300 _a193 p. :
_c24 cm.
440 _aJournalism studies: key texts
500 _aIncludes bibliographical references and index.
520 _aA much needed digest of magazine journalism that analyses the origins of this global format with a view to understanding the future directions of the magazine model. It takes an economic and policy focused stance to provide a comprehensive analysis of not just the magazine, but the magazine industry
521 _aMC
650 _aJournalism
650 _aPeriodicals
700 _aNice, Liz
942 _cBK
_2lcc
_kFOR
999 _c22295
_d22295